| 000 | 00367 a2200133 4500 | ||
|---|---|---|---|
| 001 | 82764 | ||
| 082 | _a297.122 HAS | ||
| 090 |
_c39985 _d39985 |
||
| 100 | _aHashemi Badr | ||
| 245 |
_aThe Quran; Treasure of the Faith of Islam (Vol-1) _bTreasure of the Faith of Islam |
||
| 260 |
_aPakistan _bIsmaeel Jr Hashemi _c2009 |
||
| 300 | _axvii, 308P. | ||
| 500 | _aGeneral Book | ||
| 942 |
_aCAENUST _k83347 |
||
| 999 |
_c317837 _d317837 |
||